| 000 | 00758cam a22002173a 4500 | ||
|---|---|---|---|
| 001 | 38164 | ||
| 003 | PGUSA | ||
| 005 | 20140828083836.0 | ||
| 008 | 111129s2011||||xxu|||||s|||||000 | eng d | ||
| 040 |
_aPGUSA _beng |
||
| 042 | _adc | ||
| 100 | 1 | _aSketchley, Rose Esther Dorothea | |
| 245 | 1 | 0 |
_aEnglish Book-Illustration of To-day : _bAppreciations of the Work of Living English Illustrators With Lists of Their Books _h[electronic resource] / _cRose Esther Dorothea Sketchley |
| 260 |
_bProject Gutenberg, _c2011 |
||
| 506 | _aPublic domain in the USA. | ||
| 516 | _aElectronic text | ||
| 700 | 1 |
_aPollard, Alfred W. _q(Alfred William), _d1859-1944 |
|
| 830 | 0 |
_aProject Gutenberg _v38164 |
|
| 856 | 4 | 0 | _uhttp://www.gutenberg.org/ebooks/38164 |
| 942 | _cEB | ||
| 999 |
_c267418 _d267418 |
||